LEADER 01263nam a2200289 u 4500 001 000000005377 003 CaOOAMICUS 005 20070226104744.0 008 941010s1972 it u000 u ita u 035 $a10140969 040 $aMH-AH$bita$dNBiSU$dCStRLIN$dPUL(R) 100 1 $aCastelli, Enrico,$cconte,$d1900-1977.$0(OLS)http://pul/name/669 245 13$aLa critica della demitizzazione :$bambiguitą e fede /$cEnrico Castelli. 260 $aPadova :$bCEDAM,$c1972. 300 $a321 [6] p. ;$c22 cm 490 1 $aStudi filosofici e religiosi ;$v7 650 0$aDemythologization.$2//eng$0(OLS)http://pul/subject/4830 830 0$aStudi filosofici e religiosi ;$v7.$0(OLS)http://pul/title/7490 850 $aPUL 852 $aPUL$W1$xDP1 Fondo Giannini$y60$m1555 C 8$j7538$nBK-PRI$b $qFondi$B7538$CPULBib$Z2$F7538 $H $81 852 $aPUL$W1$xSL Religione 1$y3$m58 G 6$j7539$nBK-PRI$b $qStampati$B7539$CPULBib$Z2$F7539 $H $81 941 1 $a8 941 1 $a1 961 $aINV: Fondo Giannini 961 $aINV: 48992 996 $6245$aLa critica della demitizzazione :$bambiguitą e fede$9(OLS)http://pul/title/7864 996 $6260$aPadova :$bCEDAM$9(OLS)http://pul/publisher/48126 LEADER 01288nam a2200289 u 4500 001 000000007086 003 CaOOAMICUS 005 20070226104939.0 008 940514s1978 it u000 u ita u 035 $a10185181 040 $aPUL(R)$bita 100 1 $aRuggieri, Giuseppe.$0(OLS)http://pul/name/7192 245 10$aCattolici comunisti? :$boriginalitą e contraddizioni di un'esperienza "lontana" /$cGiuseppe Ruggieri, Riccardo Albani. 260 $aBrescia :$bQueriniana,$c1978. 300 $a407 p. ;$c22 cm 490 1 $aDipartimento di scienze religiose ;$v12 500 $a"Documenti vari": p. 380-395. 504 $aBibliografia: p. 399-401. 650 4$aCristianesimo e comunismo$zItalia.$0(OLS)http://pul/subject/6325 700 1 $aAlbani, Riccardo.$0(OLS)http://pul/name/7193 830 0$aDipartimento di scienze religiose (Queriniana) ;$v12.$0(OLS)http://pul/title/9837 850 $aPUL 852 $aPUL$W1$xSL Religione 1$y3$m60 L 12$j9991$nBK-PRI$b $qStampati$B9991$CPULBib$Z2$F9991 $H $81 941 1 $a8 961 $aINV: 46135 996 $6245$aCattolici comunisti? :$boriginalitą e contraddizioni di un'esperienza "lontana"$9(OLS)http://pul/title/10394 996 $6260$aBrescia :$bQueriniana$9(OLS)http://pul/publisher/47906